000 00316nam a2200133 i 4500
001 bg
245 0 _aUrządzenia sportowe /
_cpod red. R. Wirszyłło.
250 _aWyd.4 całk. zmien.
260 _aWarszawa,
_c1982.
040 _cBPK
041 _apol
942 _cKS
008 s pl f |000 0 pol
999 _c20305
_d20305
856 _uhttp://koha.tu.koszalin.pl/cgi-bin/koha/opac-detail.pl?biblionumber=20305
_yKatalog online BPK